Chiếc lá cuối cùng
Đã lưu trong:
| Format: | Bog |
|---|---|
| Udgivet: |
2007
|
| Tags: |
Tilføj Tag
Ingen Tags, Vær først til at tagge denne postø!
|
| Thư viện lưu trữ: | Mạng thư viện Đại học Đà Nẵng |
|---|
| LEADER | 00425nam a22001811a 4500 | ||
|---|---|---|---|
| 001 | 000040754 | ||
| 003 | 17049 | ||
| 005 | 20160412023352.0 | ||
| 008 | 160412s2007 000 | ||
| 082 | |a N2381-82 | ||
| 245 | |a Chiếc lá cuối cùng |c O.Herry | ||
| 260 | |c 2007 | ||
| OWN | |a LNN | ||
| 999 | |a From the UDN01 | ||
| TYP | |a Monograph | ||
| 980 | |a Mạng thư viện Đại học Đà Nẵng | ||